| 000 | 01172nam a2200241Ia 4500 | ||
|---|---|---|---|
| 999 |
_c54656 _d54656 |
||
| 001 | 21723 | ||
| 003 | GE_BSU | ||
| 005 | 20230607114456.0 | ||
| 008 | 181216s2004ge xx |||||||||||||| ||geo|| | ||
| 041 | _ageo | ||
| 080 | _a94(479.22)"03/07" მ-92 | ||
| 100 |
_aმუსხელიშვილი, დ. _93201 |
||
| 245 |
_aსაქართველო: IV- VIII საუკუნეებში / _cდავით მუსხელიშვილი; [რედ. დ. ბერძენიშვილი]. |
||
| 264 |
_aთბილისი, _c2003. |
||
| 300 |
_a460 გვ.: _b22 სმ. |
||
| 541 | _h13 ლ. 45თ. | ||
| 653 | _aსაქართველო IV- VIII საუკუნეებში | ||
| 653 | _aსაქართველოს ისტორია | ||
| 700 |
_aბერძენიშვილი, დ. _eრედაქტორი _91470 |
||
| 710 |
_aქრისტ. კვლევის საერთ. ცენტრი _918522 |
||
| 710 |
_aივ.ჯავახიშვილის სახ.ისტორიისა და ეთნოლოგიის ინსტიტუტი _918523 |
||
| 942 |
_cBK _2udc |
||